2 euro commemorative coins 2019 - Statistics

General Stats
  • This quiz has been taken 112 times
  • The average score is 17 of 32
Answer Stats
Name/Feature Country % Correct
The 100th anniversary of the foundation of the University of Ljubljana Slovenia
98%
The 30th anniversary of the fall of the Berlin wall Germany
93%
600 years of the discovery of the Madeira Archipelago, by the [...] navigators Bartolomeu Perestrelo and Tristão Vaz Portugal
91%
Sistine Chapel — End of the restoration 1994-2019 Vatican City
88%
The 60th anniversary of Asterix France
84%
The 500th anniversary of the death of Leonardo da Vinci Italy
84%
500 years of the first circumnavigation organised and led by the [...] explorer and navigator Fernão De Magalhães Portugal
82%
The 70th anniversary of the Bundesrat’s founding Germany
78%
100 years since the establishment of the Dáil Éireann ([...] Parliament) Ireland
78%
Centenary of the birth of Manolis Andronicos Greece
76%
The centenary of the University of Tartu Estonia
75%
The 100th anniversary of the accession to the throne of Grand Duchess Charlotte Luxembourg
70%
The 100th anniversary of the death of Milan Rastislav Štefánik Slovakia
65%
The 450th anniversary of the death of Pieter Bruegel the Elder Belgium
61%
Unesco’s World Cultural and Natural Heritage Sites — the old town of Avila and its churches outside the walls Spain
59%
500th anniversary of the death of Leonardo da Vinci San Marino
55%
25th anniversary of the European Monetary Institute (EMI) Belgium
48%
550th anniversary of the death of Filippo Lippi San Marino
48%
The 200th anniversary of the accession to the throne of Prince Honoré V Monaco
46%
Andreas Kalvos — 150 years in memoriam Greece
44%
Unesco World Heritage Site – pre-historic temples of Ta’ Haġrat Malta
37%
30 years of the fall of the Berlin Wall France
32%
Sutartinės ([...] multipart songs — inscribed on the Unesco Representative List of the Intangible Cultural Heritage of Humanity) Lithuania
31%
Samogitia ([...] Ethnographic Regions) Lithuania
28%
90th anniversary of the foundation of the [...] State Vatican City
25%
600 years of the Council of the Land Andorra
23%
Song Festival’s 150-year anniversary Estonia
20%
The Constitution Act of [...] Finland
20%
Nature and Environment Malta
19%
The 100th anniversary of the universal suffrage Luxembourg
17%
The rising sun Latvia
16%
Ski World Cup Finals 2019 Andorra
13%
No matching quizzes found
Score Distribution
Percent of People with Each Score
Percentile by Number Answered
Your Score History
You have not taken this quiz